Online
Catalog

Progresos anuales de la práctica medico-quirúrgica / (Record no. 20345)

MARC details
000 -CABECERA
campo de control de longitud fija 00705nam a2200205 a 4500
001 - NÚMERO DE CONTROL
campo de control 000020842
005 - FECHA Y HORA DE LA ÚLTIMA TRANSACCIÓN
campo de control 20240506193024.0
008 - DATOS DE LONGITUD FIJA--INFORMACIÓN GENERAL
campo de control de longitud fija 100818s1945 ag 000 0 spa d
040 ## - FUENTE DE LA CATALOGACIÓN
Centro catalogador/agencia de origen DO-SdBNP
Lengua de catalogación spa
Centro/agencia transcriptor BPJMH
082 ## - NÚMERO DE LA CLASIFICACIÓN DECIMAL DEWEY
Número de clasificación 616.4
Número de documento/Ítem P964a
245 00 - MENCIÓN DE TÍTULO
Título Progresos anuales de la práctica medico-quirúrgica /
Mención de responsabilidad, etc. directores Alonso R. Albanese, Luis Munist y Diego Fernández Luna.
260 ## - PUBLICACIÓN, DISTRIBUCIÓN, ETC.
Lugar de publicación, distribución, etc. Buenos Aires :
Nombre del editor, distribuidor, etc. Mundi,
Fecha de publicación, distribución, etc. 1945.
300 ## - DESCRIPCIÓN FÍSICA
Extensión v. 7 ;
Dimensiones 23 cm.
505 1# - NOTA DE CONTENIDO CON FORMATO
Información miscelánea v. 7.
Título Endocrinología y nutrición.
650 #4 - PUNTO DE ACCESO ADICIONAL DE MATERIA--TÉRMINO DE MATERIA
Término de materia o nombre geográfico como elemento de entrada Endocrinología clínica
9 (RLIN) 43686
650 #0 - PUNTO DE ACCESO ADICIONAL DE MATERIA--TÉRMINO DE MATERIA
Término de materia o nombre geográfico como elemento de entrada Nutrición
9 (RLIN) 12779
700 1# - PUNTO DE ACCESO ADICIONAL--NOMBRE DE PERSONA
Nombre de persona Albanese, Alonso R.
9 (RLIN) 43687
700 1# - PUNTO DE ACCESO ADICIONAL--NOMBRE DE PERSONA
Nombre de persona Munist, Luis.
9 (RLIN) 43688
700 1# - PUNTO DE ACCESO ADICIONAL--NOMBRE DE PERSONA
Nombre de persona Fernández Luna, Diego.
9 (RLIN) 43689

No items available.

Powered by Koha